Agricultural Input Subsidies : (Record no. 57191)
[ view plain ]
| 000 -LEADER | |
|---|---|
| fixed length control field | 00667nam a22002057a 4500 |
| 005 - DATE AND TIME OF LATEST TRANSACTION | |
| control field | 20170928101422.0 |
| 008 - FIXED-LENGTH DATA ELEMENTS--GENERAL INFORMATION | |
| fixed length control field | 170928b xxu||||| |||| 00| 0 eng d |
| 020 ## - INTERNATIONAL STANDARD BOOK NUMBER | |
| International Standard Book Number | 978-0-19-870581-9 |
| 040 ## - CATALOGING SOURCE | |
| Original cataloging agency | BUAC |
| Transcribing agency | BUC |
| 041 ## - LANGUAGE CODE | |
| Language code of text/sound track or separate title | Fre |
| 100 ## - MAIN ENTRY--PERSONAL NAME | |
| Personal name | Chirwa, Ephraim |
| 245 ## - TITLE STATEMENT | |
| Title | Agricultural Input Subsidies : |
| Remainder of title | The recent Malawi Experience |
| Statement of responsibility, etc | / par Ephraim Chirwa, Andrew Dorward |
| 260 ## - PUBLICATION, DISTRIBUTION, ETC. (IMPRINT) | |
| Place of publication, distribution, etc | New-york : |
| Name of publisher, distributor, etc | Oxford university press, |
| Date of publication, distribution, etc | 2013 |
| 300 ## - PHYSICAL DESCRIPTION | |
| Extent | XVI-298 |
| Other physical details | Couv. ill; en coul. ; |
| Dimensions | 24 cm |
| 500 ## - GENERAL NOTE | |
| General note | Bibliogr. pp 273-288<br/>Index pp 289-298 |
| 630 ## - SUBJECT ADDED ENTRY--UNIFORM TITLE | |
| Uniform title | Sciences Appliquées |
| 650 ## - SUBJECT ADDED ENTRY--TOPICAL TERM | |
| Topical term or geographic name as entry element | Agriculture : Subvention |
| 700 ## - ADDED ENTRY--PERSONAL NAME | |
| Personal name | Dorward, Andrew |
| 942 ## - ADDED ENTRY ELEMENTS (KOHA) | |
| Item type | Libre Accès |
| Withdrawn status | Lost status | Damaged status | Not for loan | Location (home branch) | Sublocation or collection (holding branch) | Shelving location | Date acquired | Coded location qualifier | Koha issues (times borrowed) | Koha full call number | Piece designation (barcode) | Koha date last seen | Copy number | Price effective from | Koha item type |
|---|---|---|---|---|---|---|---|---|---|---|---|---|---|---|---|
| Bibliothèque Universitaire Centrale | Bibliothèque Universitaire Centrale | 28/09/2017 | 13/377 | 631.8 CHI | 13-377Buc | 28/09/2017 | 01 | 28/09/2017 | Libre Accès |